| 000 | 00406pab a2200169 454500 | ||
|---|---|---|---|
| 008 | 180718b2010 xxu||||| |||| 00| 0 eng d | ||
| 100 | _aRamesh, S.T. | ||
| 245 | _aA critique of the communal violence bill 2005 | ||
| 260 | _c2010 | ||
| 300 | _ap.17-21. | ||
| 362 | _a12 Jun | ||
| 650 | _aViolence | ||
| 650 | _acommunalism | ||
| 773 | _aEconomic and Political Weekly | ||
| 908 | _aN | ||
| 909 | _a86817 | ||
| 999 |
_c86817 _d86817 |
||